[Event "BRA-ch (Women) 62nd"]
[Site "Timbo"]
[Date "2023.11.03"]
[Round "8"]
[White "Roeder, Larissa Taina"]
[Black "Dall Orsoletta, Alaize"]
[Result "1/2-1/2"]
[WhiteElo "1239"]
[BlackElo "1943"]
[PlyCount "74"]
[EventDate "2023.10.29"]
[EventType "swiss"]
[EventRounds "9"]
[EventCountry "BRA"]
[SourceTitle "Mega2024 Update 01"]
[Source "Chessbase"]
[SourceDate "2023.11.12"]
[SourceVersion "1"]
[SourceVersionDate "2023.11.12"]
[SourceQuality "1"]

1. c4 Nf6 2. Nc3 g6 3. d3 Bg7 4. Bd2 d6 5. g3 0-0 6. Bg2 e5 7. Nf3 Re8 8. Rb1 a5 9. b3 Nbd7 10. 0-0 Nc5 11. Ne1 Bf5 12. Be3 c6 13. Bxc5 dxc5 14. Nc2 Qc7 15. Ne3 Be6 16. Ne4 Nxe4 17. Bxe4 Bh3 18. Bg2 Qd7 19. Re1 h5 20. Nf1 Bf6 21. Nd2 h4 22. Nf3 Kg7 23. Kh1 hxg3 24. fxg3 Rh8 25. Ng1 Bxg2+ 26. Kxg2 Rh7 27. Nf3 Qh3+ 28. Kf2 Rah8 29. Rh1 e4 30. dxe4 Rd8 31. Qf1 Qg4 32. Rd1 Rxd1 33. Qxd1 Qxe4 34. Qd3 Qxd3 35. exd3 Rh8 36. h3 Rd8 37. Rd1 a4 1/2-1/2

[Event "BRA-ch (Women) 62nd"]
[Site "Timbo"]
[Date "2023.11.02"]
[Round "6"]
[White "Silva, Juliana Figueira Th"]
[Black "Dall Orsoletta, Alaize"]
[Result "1-0"]
[WhiteElo "1670"]
[BlackElo "1943"]
[PlyCount "85"]
[EventDate "2023.10.29"]
[EventType "swiss"]
[EventRounds "9"]
[EventCountry "BRA"]
[SourceTitle "Mega2024 Update 01"]
[Source "Chessbase"]
[SourceDate "2023.11.12"]
[SourceVersion "1"]
[SourceVersionDate "2023.11.12"]
[SourceQuality "1"]

1. d4 Nf6 2. c4 g6 3. Nc3 Bg7 4. e4 d6 5. h3 Nbd7 6. Be3 0-0 7. Nf3 a6 8. Be2 c5 9. d5 b5 10. cxb5 axb5 11. Qc2 b4 12. Nd1 Qa5 13. 0-0 Ba6 14. Bxa6 Qxa6 15. Nd2 Nb6 16. f3 Rfc8 17. g3 Nfd7 18. Nb3 Qc4 19. Qf2 Ne5 20. g4 Nd3 21. Qh4 Re8 22. Bg5 Ra7 23. Nd2 Qb5 24. Rb1 Bd4+ 25. Kh1 Nc4 26. Nb3 Bg7 27. f4 Ndxb2 28. Nxb2 Nxb2 29. Bh6 Bxh6 30. Qxh6 Qd3 31. Rbe1 Rxa2 32. Nc1 Qc4 33. Nxa2 Qxa2 34. Re2 c4 35. f5 Rf8 36. fxg6 hxg6 37. Ref2 Qa4 38. Rxb2 c3 39. Rbf2 b3 40. Rf4 c2 41. g5 b2 42. Qxg6+ Kh8 43. Rh4# 1-0

[Event "BRA-ch (Women) 62nd"]
[Site "Timbo"]
[Date "2023.11.01"]
[Round "5"]
[White "Dall Orsoletta, Alaize"]
[Black "Bonfim, Regina Rodrigues"]
[Result "1/2-1/2"]
[WhiteElo "1943"]
[BlackElo "1685"]
[PlyCount "73"]
[EventDate "2023.10.29"]
[EventType "swiss"]
[EventRounds "9"]
[EventCountry "BRA"]
[SourceTitle "Mega2024 Update 01"]
[Source "Chessbase"]
[SourceDate "2023.11.12"]
[SourceVersion "1"]
[SourceVersionDate "2023.11.12"]
[SourceQuality "1"]

1. c4 c5 2. Nf3 Nf6 3. Nc3 Nc6 4. d4 cxd4 5. Nxd4 d6 6. e4 g6 7. Be2 Bd7 8. Be3 Bg7 9. Rc1 0-0 10. 0-0 Ne5 11. f3 a6 12. Kh1 Rc8 13. b3 h6 14. Qd2 Kh7 15. f4 Nc6 16. Nxc6 Bxc6 17. Bd3 Ng4 18. Bg1 e6 19. Be2 h5 20. Bf3 Bh6 21. Rcd1 Qf6 22. g3 Rcd8 23. h3 Ne5 24. Bg2 Qe7 25. Qc2 Nd7 26. Ne2 e5 27. f5 Nf6 28. Bb6 Rd7 29. b4 Rg8 30. a4 gxf5 31. Rxf5 Rdd8 32. b5 Bd7 33. Bxd8 Rxd8 34. Rf3 Rc8 35. Rfd3 Be6 36. bxa6 bxa6 37. Rb1 1/2-1/2

[Event "BRA-ch (Women) 62nd"]
[Site "Timbo"]
[Date "2023.10.31"]
[Round "4"]
[White "Guimaraes, Artemis Pamela"]
[Black "Dall Orsoletta, Alaize"]
[Result "1-0"]
[WhiteElo "1980"]
[BlackElo "1943"]
[PlyCount "79"]
[EventDate "2023.10.29"]
[EventType "swiss"]
[EventRounds "9"]
[EventCountry "BRA"]
[SourceTitle "Mega2024 Update 01"]
[Source "Chessbase"]
[SourceDate "2023.11.12"]
[SourceVersion "1"]
[SourceVersionDate "2023.11.12"]
[SourceQuality "1"]

1. e4 e6 2. d4 d5 3. Nd2 a6 4. Bd3 c5 5. exd5 exd5 6. Ngf3 Nc6 7. 0-0 c4 8. Re1+ Be7 9. Bf1 Nf6 10. c3 0-0 11. Ne5 Nxe5 12. dxe5 Nd7 13. Nf3 Nc5 14. Nd4 Qc7 15. f4 Ne4 16. Be2 b5 17. Bf3 Bb7 18. Bxe4 dxe4 19. Nf5 f6 20. e6 Qc5+ 21. Nd4 f5 22. Be3 Qd5 23. Qh5 Bc8 24. Rad1 g6 25. Qh6 Bxe6 26. Nf3 Qb7 27. Bd4 Bf6 28. Ng5 Bxg5 29. Qxg5 Rf7 30. h4 Qe7 31. Qg3 Bd7 32. Be5 Qf8 33. Rd6 Qh6 34. Red1 Ra7 35. Qe3 Rb7 36. Rxa6 Qxh4 37. Ra8+ Rf8 38. Rxf8+ Kxf8 39. Qc5+ Ke8 40. Qd5 1-0

[Event "Florianopolis op 2nd"]
[Site "Florianopolis"]
[Date "2016.01.22"]
[Round "10"]
[White "Pacheco, Helcio Alexandre"]
[Black "Dall Orsoletta, Alaize"]
[Result "1-0"]
[WhiteElo "2103"]
[BlackElo "1964"]
[PlyCount "43"]
[EventDate "2016.01.16"]
[EventType "swiss"]
[EventRounds "10"]
[EventCountry "BRA"]
[SourceTitle "CBM 170 Extra"]
[Source "ChessBase"]
[SourceDate "2016.02.25"]
[SourceVersion "1"]
[SourceVersionDate "2016.02.25"]
[SourceQuality "1"]

1. c4 e5 2. g3 f5 3. Bg2 Nf6 4. Nc3 g6 5. e3 Bg7 6. Nge2 0-0 7. Rb1 d6 8. d3 Nbd7 9. b4 Kh8 10. Qc2 Nh5 11. 0-0 f4 12. exf4 exf4 13. Nxf4 Nxf4 14. Bxf4 Ne5 15. Qd2 c6 16. b5 Qa5 17. Rb3 Bf5 18. Bxe5 dxe5 19. bxc6 bxc6 20. Bxc6 Rad8 21. Be4 Be6 22. Qc2 1-0

[Event "Matinhos Caioba-ch"]
[Site "Matinhos"]
[Date "2015.08.28"]
[Round "1"]
[White "Van Riemsdijk, Herman Claudius"]
[Black "Dall Orsoletta, Alaize"]
[Result "1-0"]
[WhiteElo "2345"]
[BlackElo "1900"]
[PlyCount "55"]
[EventDate "2015.08.28"]
[EventType "swiss"]
[EventRounds "6"]
[EventCountry "BRA"]
[SourceTitle "EXT 2016"]
[Source "ChessBase"]
[SourceDate "2015.10.08"]
[SourceVersion "1"]
[SourceVersionDate "2015.10.08"]
[SourceQuality "1"]

1. e4 c5 2. Nf3 d6 3. d4 cxd4 4. Nxd4 Nf6 5. Nc3 a6 6. Bg5 e6 7. Qf3 Nbd7 8. 0-0-0 Qc7 9. Qg3 b6 10. f4 Bb7 11. Bd3 d5 12. e5 Ne4 13. Bxe4 dxe4 14. Rhe1 Nc5 15. f5 Be7 16. Bf4 g6 17. f6 Bf8 18. Nb3 Rc8 19. Rd2 Nxb3+ 20. axb3 Bb4 21. Red1 h6 22. Kb1 Bc6 23. Rd4 Bc5 24. Nxe4 Bxd4 25. Nd6+ Kf8 26. Rxd4 Ra8 27. Rc4 Qd7 28. Qc3 1-0

[Event "Matinhos Caioba op"]
[Site "Matinhos"]
[Date "2015.08.16"]
[Round "5"]
[White "Abrantes, Tiago Garrido"]
[Black "Dall Orsoletta, Alaize"]
[Result "1-0"]
[WhiteElo "2196"]
[BlackElo "1900"]
[PlyCount "51"]
[EventDate "2015.08.14"]
[EventType "swiss"]
[EventRounds "6"]
[EventCountry "BRA"]
[SourceTitle "EXT 2016"]
[Source "ChessBase"]
[SourceDate "2015.10.08"]
[SourceVersion "1"]
[SourceVersionDate "2015.10.08"]
[SourceQuality "1"]

1. d4 g6 2. e4 d6 3. Nc3 Bg7 4. h3 b6 5. Nf3 Bb7 6. Bd3 c5 7. d5 Nf6 8. Qe2 Qc8 9. 0-0 0-0 10. a4 Na6 11. Bg5 Nb4 12. Bc4 Re8 13. Rfd1 Nd7 14. Rab1 h6 15. Bf4 Ne5 16. Nxe5 dxe5 17. Be3 Rf8 18. a5 Ba6 19. Bxa6 Nxa6 20. d6 exd6 21. Rxd6 Qc7 22. Rbd1 Nb4 23. Nb5 Qc8 24. axb6 axb6 25. Rxb6 c4 26. Nd6 1-0

[Event "Matinhos Caioba op"]
[Site "Matinhos"]
[Date "2015.08.15"]
[Round "4"]
[White "Dall Orsoletta, Alaize"]
[Black "Osipi, Jair"]
[Result "1/2-1/2"]
[WhiteElo "1900"]
[BlackElo "2214"]
[PlyCount "123"]
[EventDate "2015.08.14"]
[EventType "swiss"]
[EventRounds "6"]
[EventCountry "BRA"]
[SourceTitle "EXT 2016"]
[Source "ChessBase"]
[SourceDate "2015.10.08"]
[SourceVersion "1"]
[SourceVersionDate "2015.10.08"]
[SourceQuality "1"]

1. e4 c5 2. Nf3 d6 3. d4 cxd4 4. Nxd4 Nf6 5. Nc3 a6 6. Bc4 e6 7. Bb3 Be7 8. 0-0 Qc7 9. Re1 Nc6 10. Nxc6 bxc6 11. Bc4 e5 12. Qe2 0-0 13. Bd3 h6 14. b3 d5 15. Bb2 d4 16. Nb1 a5 17. Na3 Be6 18. Nc4 Nd7 19. f4 f6 20. f5 Bf7 21. Qg4 a4 22. Bc1 Kh7 23. Bd2 Rfb8 24. Reb1 Bb4 25. Qd1 Nc5 26. Bxb4 Rxb4 27. Qe1 Rb7 28. b4 Nd7 29. a3 c5 30. Rb2 Rab8 31. Rab1 cxb4 32. Rxb4 Bxc4 33. Bxc4 Rxb4 34. Rxb4 Qc5 35. Rxb8 Nxb8 36. Qb4 Qxb4 37. axb4 Nd7 38. Kf1 g6 39. g4 h5 40. h3 hxg4 41. hxg4 gxf5 42. gxf5 Kh6 43. Ke2 Kg5 44. Kd2 Nb6 45. Bd3 Kf4 46. c4 dxc3+ 47. Kxc3 Ke3 48. Bb1 a3 49. Kb3 Kd4 50. Kxa3 Kc3 51. Ba2 Kd4 52. Bb1 Kc3 53. Ba2 Kc2 54. b5 Kc3 55. Bd5 Kd4 56. Bc6 Kc3 57. Ka2 Kc2 58. Ka3 Kc3 59. Bd5 Kd4 60. Bb7 Kc4 61. Bc6 Kc3 62. Ka2 1/2-1/2

[Event "Matinhos Caioba op"]
[Site "Matinhos"]
[Date "2015.08.14"]
[Round "2"]
[White "Dall Orsoletta, Alaize"]
[Black "Cruz, William Ferreira Da"]
[Result "0-1"]
[WhiteElo "1900"]
[BlackElo "2239"]
[PlyCount "98"]
[EventDate "2015.08.14"]
[EventType "swiss"]
[EventRounds "6"]
[EventCountry "BRA"]
[SourceTitle "EXT 2016"]
[Source "ChessBase"]
[SourceDate "2015.10.08"]
[SourceVersion "1"]
[SourceVersionDate "2015.10.08"]
[SourceQuality "1"]

1. d4 Nf6 2. c4 g6 3. Nc3 Bg7 4. e4 d6 5. Nge2 0-0 6. Ng3 e5 7. d5 a5 8. Be2 Na6 9. h4 h5 10. Bg5 Qe8 11. Qd2 Nc5 12. Bxf6 Bxf6 13. Bxh5 gxh5 14. Nxh5 Bh8 15. Qh6 f5 16. Rh3 f4 17. 0-0-0 Qe7 18. g4 Bg7 19. Qg6 Qf7 20. Qg5 Kh7 21. Nxg7 Qxg7 22. f3 Bd7 23. Qxg7+ Kxg7 24. b3 Rh8 25. Kc2 Kf6 26. Rh2 Rag8 27. Rg1 Rh7 28. Kd2 Ke7 29. Kc2 Be8 30. Rb1 Nd7 31. Rg1 Nf6 32. Nd1 Bd7 33. Nf2 c6 34. Rc1 Rhg7 35. Kd3 Kf7 36. a3 Kg6 37. Ra1 cxd5 38. exd5 b5 39. Rc1 bxc4+ 40. bxc4 Rb8 41. Rc3 Rb2 42. Rc2 Rxc2 43. Kxc2 Ba4+ 44. Kd3 Rb7 45. Ne4 Nxe4 46. Kxe4 Rb3 47. h5+ Kg5 48. Re2 Rxa3 49. h6 Bc2+ 0-1

[Event "BRA-ch U18 Girls"]
[Site "Lages"]
[Date "2015.05.??"]
[Round "4"]
[White "Dall Orsoletta, Alaize"]
[Black "Coelho, Ramyres Santana"]
[Result "0-1"]
[WhiteElo "1913"]
[BlackElo "1861"]
[PlyCount "86"]
[EventDate "2015.05.??"]
[EventType "swiss"]
[EventRounds "9"]
[EventCountry "BRA"]
[SourceTitle "EXT 2016"]
[Source "ChessBase"]
[SourceDate "2015.10.08"]
[SourceVersion "1"]
[SourceVersionDate "2015.10.08"]
[SourceQuality "1"]

1. e4 c5 2. Nf3 d6 3. d4 cxd4 4. Nxd4 Nf6 5. Nc3 a6 6. f4 g6 7. Be2 Bg7 8. Nb3 Nc6 9. Be3 b5 10. a3 Bb7 11. Bf3 Qc7 12. 0-0 0-0 13. g4 e6 14. Qd2 Rad8 15. Qf2 Nd7 16. Rad1 Ne7 17. Rd3 Nc8 18. g5 Ncb6 19. Qh4 f5 20. exf5 exf5 21. Bxb7 Qxb7 22. Bf2 Rfe8 23. Rh3 Nf8 24. Bxb6 Qxb6+ 25. Qf2 Qc6 26. Rd1 Qc4 27. Rhd3 Ne6 28. Rxd6 Rxd6 29. Rxd6 Nxf4 30. Nd2 Nh3+ 31. Kg2 Nxf2 32. Nxc4 Bxc3 33. Kxf2 Be1+ 34. Kf3 bxc4 35. Rxa6 Bh4 36. a4 Bxg5 37. Rc6 Bc1 38. Rxc4 Bxb2 39. a5 Rb8 40. Rc5 Bd4 41. Rd5 Bc3 42. Rd3 Bxa5 43. Ra3 Bb6 0-1

[Event "Santa Catarina State-ch sf1 61st"]
[Site "Sao Bento do Sul"]
[Date "2015.03.07"]
[Round "4"]
[White "Leacima, Giovane Santiago"]
[Black "Dall Orsoletta, Alaize"]
[Result "0-1"]
[WhiteElo "1624"]
[BlackElo "1891"]
[PlyCount "82"]
[EventDate "2015.03.06"]
[EventType "swiss"]
[EventRounds "6"]
[EventCountry "BRA"]
[SourceTitle "EXT 2016"]
[Source "ChessBase"]
[SourceDate "2015.10.08"]
[SourceVersion "1"]
[SourceVersionDate "2015.10.08"]
[SourceQuality "1"]

1. e4 c5 2. Nf3 d6 3. d4 cxd4 4. Nxd4 Nf6 5. Nc3 a6 6. Bg5 e6 7. f4 Bd7 8. Qf3 Nc6 9. Nxc6 Bxc6 10. 0-0-0 Qa5 11. Bd3 Be7 12. Rhe1 b5 13. Kb1 0-0 14. g4 Rac8 15. h3 b4 16. Ne2 Qc5 17. Ng1 Ba4 18. Qe2 Rc7 19. Nf3 Rfc8 20. Rc1 b3 21. axb3 Bb5 22. c3 Qb6 23. Bxb5 axb5 24. Bxf6 Bxf6 25. e5 dxe5 26. fxe5 Be7 27. Nd4 b4 28. Qb5 Qa7 29. Red1 g6 30. c4 Bc5 31. Nf3 Rb8 32. Qa4 Qb7 33. Rd3 Qe4 34. Rcd1 Ra7 35. Ng5 Qa8 36. Qb5 Bf8 37. Qxb8 Qxb8 38. Nf3 Qb7 39. g5 Kg7 40. h4 Qe4 41. Kc2 Re7 0-1

[Event "Catarinense-ch"]
[Site "Jaragua do Sul"]
[Date "2015.03.??"]
[Round "2"]
[White "Hille, Waltercler"]
[Black "Dall Orsoletta, Alaize"]
[Result "1-0"]
[WhiteElo "1949"]
[BlackElo "1891"]
[PlyCount "80"]
[EventDate "2015.03.27"]
[EventType "swiss"]
[EventRounds "6"]
[EventCountry "BRA"]
[SourceTitle "EXT 2022"]
[Source "ChessBase"]
[SourceDate "2021.10.06"]
[SourceVersion "1"]
[SourceVersionDate "2021.10.06"]
[SourceQuality "1"]

1. Nf3 Nf6 2. g3 g6 3. Bg2 Bg7 4. d4 0-0 5. c4 d6 6. h3 Nc6 7. Nc3 e5 8. e4 exd4 9. Nb5 Nxe4 10. Nbxd4 Nxd4 11. Nxd4 Re8 12. 0-0 Qf6 13. Nb5 Qd8 14. Re1 a6 15. Rxe4 axb5 16. cxb5 Rxe4 17. Bxe4 Qd7 18. Qf1 Ra4 19. Bg2 Rb4 20. a4 Bxb2 21. Rb1 Bc3 22. Rxb4 Bxb4 23. Qc4 Bc5 24. Qe2 Qe6 25. Qd2 b6 26. Bb2 Qb3 27. Kh2 Qb4 28. Bc3 Qa3 29. Bf6 d5 30. Qxd5 Be6 31. Qd8+ Bf8 32. Qxc7 Qc5 33. Qf4 Bd6 34. Qh6 Bf8 35. Qd2 Bb3 36. Ba1 Bc2 37. h4 Bg7 38. Qd8+ Qf8 39. Qxf8+ Kxf8 40. Bxg7+ Kxg7 1-0

[Event "BRA-ch U20 Girls"]
[Site "Blumenau"]
[Date "2014.12.13"]
[Round "4"]
[White "Ichimura G Barbosa, Larissa Yuki"]
[Black "Dall Orsoletta, Alaize"]
[Result "1/2-1/2"]
[WhiteElo "1926"]
[BlackElo "1849"]
[PlyCount "135"]
[EventDate "2014.12.11"]
[EventType "swiss"]
[EventRounds "7"]
[EventCountry "BRA"]
[SourceTitle "EXT 2016"]
[Source "ChessBase"]
[SourceDate "2015.10.08"]
[SourceVersion "1"]
[SourceVersionDate "2015.10.08"]
[SourceQuality "1"]

1. e4 c5 2. c3 Nf6 3. e5 Nd5 4. d4 cxd4 5. cxd4 d6 6. Bc4 dxe5 7. dxe5 e6 8. Nf3 Nc6 9. 0-0 Ndb4 10. Qe2 Nd4 11. Nxd4 Qxd4 12. Rd1 Qc5 13. Be3 Qc7 14. Nc3 Bd7 15. a3 Nc6 16. Bf4 a6 17. Rac1 b5 18. Bb3 Qa7 19. Be3 Qb8 20. Bf4 Qa7 21. Be3 Qb8 22. Bf4 Qa7 23. Qd2 Na5 24. Ba2 Bc6 25. Be3 Qb7 26. Na4 bxa4 27. Qxa5 Be7 28. Bc5 Bxc5 29. Qxc5 Bxg2 30. Qd6 Bh3 31. Bd5 exd5 32. Rc7 Qxc7 33. Qxc7 0-0 34. Qa5 Rab8 35. Qxd5 Rxb2 36. Qd4 Rb5 37. Qh4 Rb3 38. Qxa4 Rb6 39. f4 Rg6+ 40. Kf2 Rg2+ 41. Kf3 Rg6 42. Rd6 Bf1 43. Qd1 Bb5 44. f5 Rxd6 45. exd6 Rd8 46. Kf4 h6 47. Qd4 Rc8 48. a4 Bd7 49. Qa7 Bxa4 50. Qxa6 Bd7 51. Qb7 Rc4+ 52. Ke5 Ba4 53. d7 Bxd7 54. Qxd7 Rc2 55. Qe8+ Kh7 56. Qxf7 Rxh2 57. Qg6+ Kh8 58. Ke6 Ra2 59. Qe8+ Kh7 60. Qd7 Ra6+ 61. Ke7 Rb6 62. Qa7 Rf6 63. Qc5 Ra6 64. Qe5 Rf6 65. Qe6 h5 66. Qxf6 gxf6 67. Kxf6 h4 68. Ke7 1/2-1/2

[Event "BRA-ch U20 Girls"]
[Site "Blumenau"]
[Date "2014.12.12"]
[Round "2"]
[White "Przygoda, Karin"]
[Black "Dall Orsoletta, Alaize"]
[Result "0-1"]
[WhiteElo "1819"]
[BlackElo "1849"]
[PlyCount "66"]
[EventDate "2014.12.11"]
[EventType "swiss"]
[EventRounds "7"]
[EventCountry "BRA"]
[SourceTitle "EXT 2016"]
[Source "ChessBase"]
[SourceDate "2015.10.08"]
[SourceVersion "1"]
[SourceVersionDate "2015.10.08"]
[SourceQuality "1"]

1. e4 c5 2. Nf3 a6 3. Nc3 Nc6 4. d4 cxd4 5. Nxd4 d6 6. Nxc6 bxc6 7. Bc4 Nf6 8. h3 Bb7 9. Bb3 e5 10. Bg5 Be7 11. 0-0 h6 12. Bxf6 Bxf6 13. Qd3 Qc7 14. Rad1 Rd8 15. Bc4 a5 16. Qe2 0-0 17. Rd2 Qb6 18. Na4 Qb4 19. b3 d5 20. exd5 cxd5 21. c3 Qe7 22. Bb5 Qc7 23. Rfd1 e4 24. Rc2 Rc8 25. Rdc1 Rfd8 26. Ba6 Bxa6 27. Qxa6 d4 28. cxd4 Qxc2 29. Rxc2 Rxc2 30. Qxa5 Rxa2 31. Qb5 Bxd4 32. Nc5 Bxf2+ 33. Kh2 e3 0-1

[Event "Imbituba op"]
[Site "Imbituba"]
[Date "2014.11.07"]
[Round "2"]
[White "Dall Orsoletta, Alaize"]
[Black "Umetsubo, Cesar Hidemitsu"]
[Result "1-0"]
[WhiteElo "1807"]
[BlackElo "2333"]
[PlyCount "63"]
[EventDate "2014.11.07"]
[EventType "swiss"]
[EventRounds "6"]
[EventCountry "BRA"]
[SourceTitle "CBM 163 Extra"]
[Source "ChessBase"]
[SourceDate "2014.12.23"]
[SourceVersion "1"]
[SourceVersionDate "2014.12.23"]
[SourceQuality "1"]

1. e4 e5 2. Nf3 Nf6 3. Nxe5 d6 4. Nf3 Nxe4 5. d4 d5 6. Bd3 Nc6 7. c3 Be7 8. 0-0 0-0 9. Nbd2 Nf6 10. Qc2 Bg4 11. Ne5 Bh5 12. f4 Bg6 13. f5 Bh5 14. Ndf3 Re8 15. Nxc6 bxc6 16. Ne5 c5 17. Bb5 Ne4 18. g4 c6 19. Bxc6 cxd4 20. Bxe8 Qb6 21. Qb3 Rxe8 22. Qxb6 axb6 23. gxh5 dxc3 24. Nd3 Bf6 25. a4 h6 26. bxc3 Nxc3 27. Ra3 Re2 28. Kh1 Ne4 29. a5 bxa5 30. Rxa5 d4 31. Rb5 Kh7 32. Rb2 1-0

[Event "Imbituba op"]
[Site "Imbituba"]
[Date "2014.11.07"]
[Round "1"]
[White "De Almeida, Cesar Ricardo"]
[Black "Dall Orsoletta, Alaize"]
[Result "0-1"]
[WhiteElo "1756"]
[BlackElo "1807"]
[PlyCount "82"]
[EventDate "2014.11.07"]
[EventType "swiss"]
[EventRounds "6"]
[EventCountry "BRA"]
[SourceTitle "CBM 163 Extra"]
[Source "ChessBase"]
[SourceDate "2014.12.23"]
[SourceVersion "1"]
[SourceVersionDate "2014.12.23"]
[SourceQuality "1"]

1. d4 Nf6 2. c4 g6 3. Nc3 Bg7 4. e4 d6 5. f3 0-0 6. Be3 e5 7. d5 Nh5 8. Qd2 f5 9. exf5 gxf5 10. g3 Na6 11. 0-0-0 Qf6 12. Bg5 Qg6 13. Bd3 Nc5 14. Bc2 a5 15. g4 Nf4 16. Bxf4 exf4 17. Qxf4 Bh6 18. g5 Bxg5 19. Qd2 Bxd2+ 20. Rxd2 Qh6 21. Nge2 Bd7 22. f4 Rae8 23. Rg1+ Kh8 24. Rg5 Rg8 25. Nd4 Rxg5 26. fxg5 Qxg5 27. h4 Re1+ 28. Nd1 Qxh4 29. Nf3 Rxd1+ 30. Rxd1 Qxc4 31. b3 Qf4+ 32. Nd2 Ne4 33. a4 Qe5 34. Nb1 Be8 35. Re1 Qxd5 36. Rd1 Qc5 37. Kb2 b5 38. b4 Qxb4+ 39. Bb3 bxa4 40. Rd3 Bf7 41. Rf3 Bxb3 0-1

[Event "Catarinense-ch (Women)"]
[Site "Itajai"]
[Date "2014.01.??"]
[Round "4"]
[White "Dall Orsoletta, Alaize"]
[Black "De Mello, Amanda Carolina"]
[Result "1-0"]
[WhiteElo "1807"]
[BlackElo "1844"]
[PlyCount "95"]
[EventDate "2014.01.31"]
[EventType "swiss"]
[EventRounds "5"]
[EventCountry "BRA"]
[SourceTitle "EXT 2022"]
[Source "ChessBase"]
[SourceDate "2021.10.06"]
[SourceVersion "1"]
[SourceVersionDate "2021.10.06"]
[SourceQuality "1"]

1. e4 c6 2. d4 d5 3. exd5 cxd5 4. c4 Nf6 5. Nc3 e6 6. Nf3 Be7 7. Be2 dxc4 8. Bxc4 0-0 9. 0-0 Nc6 10. Be3 a6 11. a4 Nb4 12. Qe2 Nbd5 13. Nxd5 Nxd5 14. Ne5 f6 15. Nf3 b6 16. Bd2 Re8 17. Rfe1 Bf8 18. Qd3 Bb7 19. Qb3 Kh8 20. Rac1 Rc8 21. Ba5 Rb8 22. Bd2 Bd6 23. g3 b5 24. axb5 axb5 25. Bf1 Ba8 26. Bh3 Nc7 27. Ba5 f5 28. Bg2 Bd5 29. Qc2 Rc8 30. Ne5 Bxe5 31. Rxe5 Bc4 32. b3 Qxd4 33. Bc3 Qb6 34. bxc4 bxc4 35. Rb1 Qd6 36. Qe2 Na6 37. Rb7 Nc5 38. Ra7 Nd3 39. Rea5 e5 40. Bh3 Qg6 41. Qf3 Rf8 42. Bxe5 Nxe5 43. Rxe5 Qb6 44. Ree7 Rg8 45. Bxf5 c3 46. Qh5 h6 47. Re6 Qxa7 48. Rxh6+ 1-0

[Event "Fraiburgo Alvino Memorial 3rd"]
[Site "Fraiburgo"]
[Date "2013.07.20"]
[Round "2"]
[White "Frigotto, Gabriela Carolina C"]
[Black "Dall Orsoletta, Alaize"]
[Result "0-1"]
[WhiteElo "1814"]
[BlackElo "1808"]
[PlyCount "112"]
[EventDate "2013.07.19"]
[EventType "swiss"]
[EventRounds "6"]
[EventCountry "BRA"]
[SourceTitle "CBM 155 Extra"]
[Source "ChessBase"]
[SourceDate "2013.08.26"]
[SourceVersion "1"]
[SourceVersionDate "2013.08.26"]
[SourceQuality "1"]

1. e4 c5 2. Nf3 d6 3. d4 cxd4 4. Nxd4 Nf6 5. Nc3 a6 6. Be3 e5 7. Nf3 h6 8. Bc4 Bg4 9. h3 Bh5 10. 0-0 Nbd7 11. Be2 Bg6 12. Bd3 b5 13. Nd2 b4 14. Ne2 d5 15. exd5 Bxd3 16. cxd3 Nxd5 17. Nc4 Be7 18. f4 Nxe3 19. Nxe3 Qb6 20. Rf3 Bc5 21. Qd2 0-0 22. Kh1 exf4 23. Nxf4 Ne5 24. Rg3 Bxe3 25. Rxe3 Qd6 26. Rd1 Rfd8 27. Qe2 Nc6 28. Qg4 Ne5 29. Qe2 Nc6 30. Qg4 Qd7 31. Qg3 Qf5 32. Rf1 Nd4 33. Rf2 Qg5 34. h4 Qxg3 35. Rxg3 Nf5 36. Rh3 Rac8 37. g4 Nd4 38. g5 Rc1+ 39. Kg2 Rd6 40. Re3 Nf5 41. Rh3 Nxh4+ 42. Rxh4 hxg5 43. Rh3 gxf4 44. Rxf4 Rc2+ 45. Rf2 Rdc6 46. Re3 Rxf2+ 47. Kxf2 Rc2+ 48. Re2 Rxe2+ 49. Kxe2 g5 50. d4 f5 51. Ke3 Kf7 52. a3 Ke6 53. axb4 Kd5 54. b3 g4 55. Kf4 Kxd4 56. Kg3 Ke3 0-1

[Event "FENAJ-ch U16 Girls"]
[Site "Brazil"]
[Date "2013.06.01"]
[Round "5"]
[White "Coelho, Ramyres Santana"]
[Black "Dall Orsoletta, Alaize"]
[Result "1/2-1/2"]
[WhiteElo "1903"]
[BlackElo "1783"]
[PlyCount "65"]
[EventDate "2013.05.30"]
[EventType "swiss"]
[EventRounds "6"]
[EventCountry "BRA"]
[SourceTitle "EXT 2015"]
[Source "ChessBase"]
[SourceDate "2014.11.20"]
[SourceVersion "1"]
[SourceVersionDate "2014.11.20"]
[SourceQuality "1"]

1. d4 b5 2. Nf3 Bb7 3. Bf4 e6 4. e3 b4 5. c3 Nf6 6. Bd3 Be7 7. h3 0-0 8. 0-0 a5 9. Bh2 Na6 10. Nbd2 c5 11. c4 Qb6 12. Qe2 d6 13. Rfd1 Rac8 14. Nf1 Nb8 15. Rac1 Rfd8 16. Bb1 Bxf3 17. Qxf3 b3 18. a3 a4 19. d5 exd5 20. cxd5 Qb7 21. e4 Nbd7 22. Qe2 Nb6 23. Bd3 Rb8 24. Ne3 Nfd7 25. f4 Bf6 26. Kh1 g6 27. Qd2 Re8 28. Re1 Bg7 29. Nc4 Nxc4 30. Bxc4 Rbd8 31. Re2 Re7 32. Rce1 Nb6 33. Qd3 1/2-1/2

[Event "Catarinense-ch U20 Girls"]
[Site "Concordia"]
[Date "2013.05.19"]
[Round "6"]
[White "Dall Orsoletta, Alaize"]
[Black "Vieira, Larissa Moretti"]
[Result "1/2-1/2"]
[WhiteElo "1783"]
[BlackElo "1747"]
[PlyCount "61"]
[EventDate "2013.05.17"]
[EventType "swiss"]
[EventRounds "6"]
[EventCountry "BRA"]
[SourceTitle "EXT 2015"]
[Source "ChessBase"]
[SourceDate "2014.11.20"]
[SourceVersion "1"]
[SourceVersionDate "2014.11.20"]
[SourceQuality "1"]

1. e4 Nf6 2. e5 Nd5 3. d4 d6 4. c4 Nb6 5. exd6 cxd6 6. Nc3 Bf5 7. Be2 Nc6 8. a3 g6 9. g4 Bd7 10. Be3 Bg7 11. Rc1 Rc8 12. c5 dxc5 13. dxc5 Na8 14. h3 Ne5 15. f4 Bc6 16. Rh2 Nd7 17. Bc4 e6 18. Rd2 Qa5 19. f5 Nxc5 20. fxe6 Nxe6 21. Bxe6 fxe6 22. Ne4 0-0 23. Rc5 Qa6 24. Nf2 Bd5 25. Qe2 Qxe2+ 26. Nxe2 Rxc5 27. Bxc5 Rc8 28. Bxa7 b6 29. g5 Rc7 30. Bb8 Rf7 31. Nf4 1/2-1/2

[Event "Catarinense-ch U20 Girls"]
[Site "Concordia"]
[Date "2013.05.19"]
[Round "5"]
[White "Weber, Eduarda Pasqualoto"]
[Black "Dall Orsoletta, Alaize"]
[Result "0-1"]
[WhiteElo "1835"]
[BlackElo "1783"]
[PlyCount "48"]
[EventDate "2013.05.17"]
[EventType "swiss"]
[EventRounds "6"]
[EventCountry "BRA"]
[SourceTitle "EXT 2015"]
[Source "ChessBase"]
[SourceDate "2014.11.20"]
[SourceVersion "1"]
[SourceVersionDate "2014.11.20"]
[SourceQuality "1"]

1. e4 c5 2. Nf3 d6 3. Bc4 Nc6 4. d3 g6 5. 0-0 Bg7 6. Nc3 Nf6 7. h3 a6 8. a4 Rb8 9. Be3 0-0 10. Qd2 b6 11. Bh6 Nb4 12. Bxg7 Kxg7 13. e5 dxe5 14. Nxe5 Qd6 15. Nf3 Bb7 16. Nh4 e6 17. Rfe1 Qd4 18. g3 Rfd8 19. b3 Qd7 20. Rac1 Qc6 21. f3 Nh5 22. Qg5 Qd6 23. Kh2 h6 24. Qe3 Qxg3+ 0-1